Primary mathematics audit and test
Uloženo v:
| Hlavní autor: | |
|---|---|
| Médium: | Kniha |
| Jazyk: | angličtina |
| Vydáno: |
Sage Publications
2014
|
| Tagy: |
Přidat tag
Žádné tagy, Buďte první, kdo vytvoří štítek k tomuto záznamu!
|
MARC
| LEADER | 00000nam a22000007a 4500 | ||
|---|---|---|---|
| 008 | 210122b ||||| |||| 00| 0 eng d | ||
| 020 | |a 978-1-4462-8271-7 | ||
| 100 | |a FLETCHER, Mike. | ||
| 245 | |a Primary mathematics |b audit and test |c Mike Fletcher and Claire Mooney |g v: 74p; ill. | ||
| 250 | |b 4th ed. | ||
| 260 | |b Sage Publications |c 2014 |h Los Angeles |i 692842 |i 692843 |l QA135.6 .F63 |m Mathematics – Study and teaching (Elementary) – Great Britain |m Mathematics – Examinations – Study guides. |m Mathematics teachers – Training of. |m Great Britain | ||
| 942 | |a lcc |c BK |e YUNUSA, A.A. |f 22/01/2021 | ||
| 952 | |0 0 |1 0 |2 lcc |4 0 |6 QA01356 F63 |7 0 |9 1469 |a HOL |b SL |c QZ |d 2021-01-22 |l 0 |o QA135.6 .F63 |p 2021-0266 |r 2021-01-22 00:00:00 |w 2021-01-22 |y BK | ||
| 952 | |0 0 |1 0 |2 lcc |4 0 |6 QA01356 F63 |7 0 |9 1470 |a HOL |b HOL |c QZ |d 2021-01-22 |l 0 |o QA135.6 .F63 |p 2021-0267 |r 2021-01-22 00:00:00 |w 2021-01-22 |y BK | ||
| 999 | |c 769 |d 769 | ||